Walking with a Himalayan master : (Record no. 29138)

MARC details
000 -LEADER
fixed length control field 00948nam a2200277 a 4500
005 - DATE AND TIME OF LATEST TRANSACTION
control field 20130826154351.0
008 - FIXED-LENGTH DATA ELEMENTS--GENERAL INFORMATION
fixed length control field 970723s1998 mnua b 000 0aeng
010 ## - LCCN (DPL NO)
LC control number ENG-94724
020 ## - INTERNATIONAL STANDARD BOOK NUMBER
International Standard Book Number 8176210021
Terms of availability 295.00
035 ## - SYSTEM CONTROL NUMBER
System control number EN-78257
037 ## - SOURCE OF ACQUISITION
Source of stock number/acquisition DPL
Stock number UBH/VEN
040 ## - CATALOGING SOURCE
Language of cataloging English
082 ## - DEWEY DECIMAL CLASSIFICATION NUMBER
Classification number 230.35
100 ## - MAIN ENTRY--PERSONAL NAME
Personal name O'Brien, Justin
245 ## - TITLE STATEMENT
Title Walking with a Himalayan master :
Remainder of title Swami Rama /
Statement of responsibility, etc by Justin O'Brien
260 ## - PUBLICATION, DISTRIBUTION, ETC. (IMPRINT)
Place of publication, distribution, etc New Delhi
Name of publisher, distributor, etc Full Circle
Date of publication, distribution, etc 2007(repr.).
270 ## - ADDRESS
Address J-40, Jorbagh Lane,
City New Delhi
Postal code 110003
300 ## - PHYSICAL DESCRIPTION
Extent ix, 409 p. :
Other physical details ill. ;
Dimensions 24cm(pbk)
500 ## - GENERAL NOTE
General note Includes glossary
600 ## - SUBJECT ADDED ENTRY--PERSONAL NAME
Personal name Jaidev,
Titles and other words associated with a name Swami,
Dates associated with a name 1932-
600 ## - SUBJECT ADDED ENTRY--PERSONAL NAME
Personal name Rama,
Titles and other words associated with a name Swami,
Dates associated with a name 1925-
650 ## - SUBJECT ADDED ENTRY--TOPICAL TERM
Topical term or geographic name as entry element Spiritual biography
Geographic subdivision United States.
650 ## - SUBJECT ADDED ENTRY--TOPICAL TERM
Topical term or geographic name as entry element Theologians
Geographic subdivision United States
General subdivision Biography.
942 ## - ADDED ENTRY ELEMENTS (KOHA)
Source of classification or shelving scheme Dewey Decimal Classification
Item type English Books
Classification part 230.35
Call number suffix OBR
Holdings
Withdrawn status Lost status Source of classification or shelving scheme Damaged status Not for loan Collection code Home library Current library Date acquired Source of acquisition Cost, normal purchase price Total Checkouts Full call number Barcode Date last seen Copy number Cost, replacement price Koha item type Total Renewals
    Dewey Decimal Classification     Non-fiction Bawana Bawana 26/08/2013 UBH/BL280/11.03.2013/180/08.03.2013/15.03.2013 295.00 1 230.35 OBR B-498685 23/06/2025 1 295.00 English Books  
    Dewey Decimal Classification     Non-fiction Central Library Central Library 26/08/2013 UBH/BL280/11.03.2013/180/08.03.2013/15.03.2013 295.00 10 230.35 OBR B-498681 29/05/2026 1 295.00 English Books 6
    Dewey Decimal Classification   Not For Loan Non-fiction D.B.Act.Division D.B.Act.Division 11/08/2009 DBAD / PUB 295.00   230.35 OBR EN-78257 11/08/2009 1 295.00 English Books  
    Dewey Decimal Classification     Non-fiction Janak Puri Janak Puri 26/08/2013 UBH/BL280/11.03.2013/180/08.03.2013/15.03.2013 295.00   230.35 OBR B-498684 28/06/2018 1 295.00 English Books  
    Dewey Decimal Classification     Non-fiction Kasturba Gandhi Marg Kasturba Gandhi Marg 26/08/2013 UBH/BL280/11.03.2013/180/08.03.2013/15.03.2013 295.00   230.35 OBR B-498683 26/08/2013 1 295.00 English Books  
    Dewey Decimal Classification     Non-fiction Narela Narela 26/08/2013 UBH/BL280/11.03.2013/180/08.03.2013/15.03.2013 295.00   230.35 OBR B-498686 26/08/2013 1 295.00 English Books  
    Dewey Decimal Classification     Non-fiction Patel Nagar Patel Nagar 26/08/2013 UBH/BL280/11.03.2013/180/08.03.2013/15.03.2013 295.00 1 230.35 OBR B-498682 24/09/2018 1 295.00 English Books 2

© Delhi Public Library
Hit Counter
free hit counter